Estadísticas para Las ciudades más grandes de Cuba

Haz click aquí para intentar la prueba.

Estadísticas generales

  • Esta prueba ha sido intentada 44 veces
  • La puntuación promedio es 6 de 10

Estadísticas de respuestas

PoblaciónCiudad% Correcto
2,130,081Habana
89%
433,099Santiago
87%
216,609Guantánamo
71%
150,404Cienfuegos
68%
306,183Camaguey
61%
294,002Holguin
50%
142,967Pinar del Rio
45%
216,056Santa Clara
45%
168,645Las Tunas
34%
158,978Bayamo
32%

Distribución de puntuación

Porcentaje por número respondido

Porcentaje de gente con cada puntuación

Historial de tus puntuaciones

No has intentado esta prueba.